Rubber in flat paints and undercoatings (Record no. 67670)

MARC details
000 -LEADER
fixed length control field 00319nam a2200133Ia 4500
100 ## - MAIN ENTRY--AUTHOR NAME
Personal name Stokes S C
245 #0 - TITLE STATEMENT
Title Rubber in flat paints and undercoatings
260 ## - PUBLICATION, DISTRIBUTION, ETC. (IMPRINT)
Name of publisher Rubber Developments
Year of publication 1947
300 ## - PHYSICAL DESCRIPTION
Number of Pages 29-30
650 ## - SUBJECT ADDED ENTRY--TOPICAL TERM
Topical Term Paint
650 ## - SUBJECT ADDED ENTRY--TOPICAL TERM
Topical Term Rubber
942 ## - ADDED ENTRY ELEMENTS (KOHA)
Koha item type Journals
Holdings
Withdrawn status Lost status Damaged status Not for loan Home library Current library Shelving location Date acquired Serial Enumeration / chronology Koha item type
      Journals RRII Library RRII Library Rubber chemistry 17/12/2021 Volume 1, Issue 2 Journals